Entry Personal Name
Number of records used in: 1
001 - CONTROL NUMBER
003 - CONTROL NUMBER IDENTIFIER
005 - DATE AND TIME OF LATEST TRANSACTION
- control field:
20240831120543.0
008 - FIXED-LENGTH DATA ELEMENTS
- fixed length control field:
240831|| aca||aabn | a|a d
040 ## - CATALOGING SOURCE
- Original cataloging agency:
JRU
- Transcribing agency:
JRU
100 ## - HEADING--PERSONAL NAME
670 ## - SOURCE DATA FOUND
- Source citation:
Work cat.: (JRU)8595: PARK, K , PARK,S TEXTBOOK OF PREVENTIVE AND SOCIAL MEDICINE, 2023